Obras

Furkejuvvon:
Bibliográfalaš dieđut
Váldodahkki: Ortea, Virginia
Materiálatiipa: Girji
Giella:Undetermined
Almmustuhtton: Santo Domingo, República Dominicana CEMUJER 1997
Fáttát:
Fáddágilkorat: Lasit fáddágilkoriid
Eai fáddágilkorat, Lasit vuosttaš fáddágilkora!

MARC

LEADER 00000nam a2200000Ia 4500
008 170316s9999 xx 000 0 und d
040 |a cru BVZT 
090 |a 860 O-6o 
100 |a Ortea, Virginia 
245 |a Obras 
260 |a Santo Domingo, República Dominicana 
260 |b CEMUJER 
260 |c 1997 
300 |a 224 páginas 
650 |a LITERATURA LATINOAMERICANA 
999 |c 9041  |d 9041 
942 |c 15 D  |h 860 O-6o  |2 z